| 000 | 01291nam a2200313 i 4500 | ||
|---|---|---|---|
| 001 | 170588 | ||
| 003 | ES-MaACL | ||
| 005 | 20260206150800.0 | ||
| 008 | 090323s1925 sp |||| | spa d | ||
| 080 | _a577 | ||
| 080 | _a615 | ||
| 100 | 1 |
_aRodríguez Carracido, José, _d1856-1928 _998407 |
|
| 245 | 1 | 0 |
_aCuestiones bioquímicas y farmacéuticas / _cpor José R. Carracido ; publicadas por la clase farmacéutica, como homenaje al sabio maestro ; [prólogo, José Casares Gil]. |
| 250 | _a2ª ed., corr. y aum. | ||
| 260 |
_aMadrid : _b[s.n.], _c1925 ( _fImp. Clásica Española) |
||
| 300 |
_a527 p. : _b1 retr. ; _c25 cm. |
||
| 505 | 8 | _aContiene: Biografía del Excmo. e Ilmo. Sr. D. José Rodriguez Carracido / por Joaquín Más y Guindal, p. [9]-79 | |
| 530 | _aDisponible en formato digital. | ||
| 599 | _aRetr. de José R. Carracido. | ||
| 600 | 1 | 4 |
_aRodríguez Carracido, José, _d1856-1928 _998407 |
| 650 | 7 |
_aBioquímica _2embne _9136796 |
|
| 650 | 4 |
_aFarmacia. _9136083 |
|
| 700 | 1 |
_aCasares Gil, José, _d1866-1961 _936166 |
|
| 700 | 1 |
_aMás y Guindal, Joaquín. _978652 |
|
| 852 |
_aES-MaACL _jG-8650 _cSPP3 |
||
| 856 | 4 |
_uhttp://bdh-rd.bne.es/viewer.vm?id=0000201948&page=1 _yBiblioteca Digital Hispánica |
|
| 942 | _2udc | ||
| 999 |
_c170588 _d170588 |
||